000 01076nam a2200277Ia 4500
003 OSt
005 20221005111934.0
006 a|||||r|||| 00| 0
007 ta
008 221004b |||||||| |||| 00| 0 san d
020 _a9789385005312 (hbk)
_cINR 900.00
024 _a33527
037 _b295, 08/03/2017, Eastern Book Linkers
_cTextual
040 _aCRL
_cCRL
_bsan
041 _2san
_asan
082 _aQ2:31, 152Q5
100 _aपाण्डेय, रामप्रिय, ले.
245 0 _aविपरीतप्रत्य›िरापुनõर्या
246 _aViparītapratya›irāpunaõryā
260 _aवाराणसी
_bचौखम्बा सुरभारती प्रकाशन भारत
_c2015
300 _a769पृ0
_ccm.
650 _a हिन्दू धर्म
650 _aधर्मशास्त्र
942 _hQ2:31, 152Q5
_cTEXL
_2cc
999 _c1023362
_d1023362